| 000 | 01022nam a2200253Ia 4500 | ||
|---|---|---|---|
| 003 | OSt | ||
| 005 | 20250627091717.0 | ||
| 008 | 191128s2013 ck er 000 p spa d | ||
| 020 | _a9789583802003 | ||
| 040 |
_aCO-JMCR _cCO-JMCR |
||
| 041 | _aspa | ||
| 082 | 0 | 4 |
_aA-P _bCARd |
| 100 | 1 |
_aCarranza, Eduardo, _d1913-1985 _eautor _98740 |
|
| 245 | 1 | 3 |
_aLos días que ahora son sueños : antología / _cEduardo Carranza; prólogo María Mercedez Carranza |
| 250 | _aPrimera edición | ||
| 260 |
_aBogotá : _bFondo de Cultura Económica, _c2013 |
||
| 300 |
_a326 páginas ; _c23 cm. |
||
| 440 |
_aPoesía _98741 |
||
| 490 | 0 | _a 23 cm | |
| 505 | _aCarranza por Carranza -- De canciones para iniciar una fiesta [1935-1936] -- Azul de ti [1937--1944] -- Seís elegías y un himno [1939] -- De sombra de las muchachas [1939-1941] -- De canto en voz alta [1942-1975] -- De los días que ahora son sueños | ||
| 650 | 1 | 4 |
_aLiteratura colombiana _98742 |
| 700 |
_aCarranza, María Mercedez, _eprólogo _98743 |
||
| 942 |
_2ddc _cBK |
||
| 999 |
_c3280 _d3280 |
||